000 00618nam a22002537a 4500
003 UA-OsUOA
001 30504
007 ta
008 20041110b un ||||| |||| 00| 0 ukr d
100 _aРейсер С. А.
090 _a801.73
_bР35
942 _cBK
040 _aUA-OsUOA
_brus
_cUA-OsUOA
_dUA-OsUOA
245 _aОсновы текстологии
_bУчеб. пособие
300 _a176 с.
955 _a0
041 _arus
080 _a801.73
260 _aЛенинград
_bПросвещение
_c1978
044 _aRU
250 _n2-е изд.
650 7 _2UDC
999 _c316916
_d316916